000 00339nam a22001097a 4500
082 _a080
100 _aओशो
245 _a सरहपा तिलोपा वाणी सहज योग भाग एक
260 _aदिल्‍ली
_bडायमंड बुक्‍स
_c2019
650 _aदशर्न
942 _cHIN
999 _c68353
_d68353